Sự lãnh đạo của Đảng Cộng sản Việt Nam : nhân tố quyết định mọi thắng lợi của cách mạng Việt Nam /

Gardado en:
Detalles Bibliográficos
Autor Principal: Nguyễn Duy Quý.
Formato: Artigo
Idioma:Vietnamese
Những chủ đề:
Các nhãn: Engadir etiqueta
Sen Etiquetas, Sexa o primeiro en etiquetar este rexistro!
Thư viện lưu trữ: Thư viện Trường Đại học Đà Lạt
LEADER 00953nam a2200289 4500
001 DLU090076991
005 ##20090220
040 # # |a DLU  |b vie 
041 # # |a vie 
044 # # |a vn 
100 # # |a Nguyễn Duy Quý. 
245 # # |a Sự lãnh đạo của Đảng Cộng sản Việt Nam :  |b nhân tố quyết định mọi thắng lợi của cách mạng Việt Nam /  |c Nguyễn Duy Quý. 
653 # # |a Đảng Cộng sản Việt Nam 
653 # # |a Đường lối cách mạng 
653 # # |a Cách mạng Việt Nam 
653 # # |a Sự kiện lịch sử 
653 # # |a Sự nghiệp đổi mới 
773 # # |t Nghiên cứu lịch sử  |g Số 1(308), 2000, tr. 3-6 
920 # # |a Phòng Tạp chí -- Trung tâm Thông tin - Thư viện Trường Đại học Đà Lạt 
994 # # |a DLU 
900 # # |a True 
911 # # |a Phan Thị Mỹ Thảo 
925 # # |a G 
926 # # |a A 
927 # # |a BB 
980 # # |a Thư viện Trường Đại học Đà Lạt